000 00774nam a2200193 a 4500
001 BRCA_2148
005 20190320203704.0
008 130808s1992----mx-#---###---#000-0#spa-#
050 4 _aF1391.P8
_b.L43 94
_c1992
100 1 _aSalazar Ibargüen, Columba
_96481
245 1 0 _aAndrés de Arze y Miranda y la defensa de la cultura novohispana siglo XVIII
_cColumba Salazar Ibargüen.
260 _aPuebla, México
_bGobierno del Estado de Puebla : Secretaría de Cultura : Comisión Puebla V Centenario
_c1992
300 _a23 p.
_c21 cm.
440 0 _aLecturas Históricas de Puebla
_n94
_96482
651 4 _aPuebla (México)
_xHistoria
_zSiglo XVIII
_96483
651 4 _aPuebla (México)
_xVida social y costumbres
_zSiglo XVIII
_96484
653 0 _aVida cotidiana
942 _2lcc
_cB
999 _c1905
_d1905